Guess the cricketer - Statistics

General Stats
  • This quiz has been taken 68 times
  • The average score is 6 of 10
Answer Stats
Picture Answer % Correct
Jos Buttler
96%
Kane Williamson
73%
Heinrich Klaasen
63%
Marcus Stoinis
62%
Shaheen Afridi
58%
Mitchell Santner
56%
Yuzvendra Chahal
56%
Nicholas Pooran
52%
Rahmanullah Gurbaz
44%
Saurabh Netravalkar
40%
No matching quizzes found
Score Distribution
Percent of People with Each Score
Percentile by Number Answered
Your Score History
You have not taken this quiz